00502nam a22001697a 450000500170000001000150001702000280003203500130006003700130007308200120008624500690009826000360016727000700020330000230027350000190029670000170031520150409123019.0 aENG-112501 a9789383649334c880.00  aEN-96033 bDBAD/PUB a954.035 aRevisiting Nehru in contemporary India /cedited by Baljit Singh aNew Delhi bKW Publishersc2015 a4676/21, First Floor, Ansari Road, Daryaganj bNew Delhi e110002 axv,260p.c24cm(Hb) aIncludes index aBaljit Singh